| 000 | 00968cab a2200181 4500 | ||
|---|---|---|---|
| 001 | ##L131577 | ||
| 008 | 051116n2005 000 0 eng u | ||
| 035 | _a(Sirsi) u131577 | ||
| 041 | 0 | _aeng | |
| 100 | 1 | _aMann, Will | |
| 245 | 0 | 0 | _aConstruction slowly switches on to IT |
| 260 | _c2005 | ||
| 490 | 0 |
_aContract Journal _v431(6550) 9 November 2005, 24-27(4) |
|
| 520 | _aHeadline results of the Contract Journal IT survey show that four out of five respondents are increasing their investment in IT, and a clear majority of those surveyed are satisfied with the IT strategy of their board. Concern is expressed however that under-investment in, and perceived lack of awareness of, IT is damaging the industry, making it difficult to attract young people into it. Bar charts. Phil Brown, executive officer of Causeway Technologies, comments on the survey. | ||
| 590 | _aIKA221105 | ||
| 690 | _aMANAGEMENT-BUSINESS MANAGEMENT-INFORMATION MANAGEMENT | ||
| 942 | _n0 | ||
| 999 |
_c76175 _d76175 |
||